[Event "Rottach Egern Seniors Cup 12th"]
[Site "Rottach Egern"]
[Date "2024.04.08"]
[Round "3"]
[White "Hellerschmid, Ewald"]
[Black "Gerlach, Andreas"]
[Result "1-0"]
[WhiteElo "1591"]
[BlackElo "1738"]
[PlyCount "77"]
[EventDate "2024.04.06"]
[EventType "swiss"]
[EventRounds "9"]
[EventCountry "GER"]
[SourceTitle "CB16_2024"]
[SourceDate "2024.04.17"]
[SourceVersion "1"]
[SourceVersionDate "2024.04.17"]
[SourceQuality "1"]

1. d4 Nf6 2. Bg5 e6 3. Nd2 c5 4. e3 cxd4 5. exd4 Be7 6. Bd3 0-0 7. Ngf3 b6 8. c3 Bb7 9. Bxf6 Bxf6 10. 0-0 Nc6 11. Re1 Ne7 12. Qc2 h6 13. Ne4 Nd5 14. Ne5 Be7 15. Ng3 Nf4 16. Be4 Nd5 17. Qd2 Bg5 18. Qd1 f5 19. Bf3 Rb8 20. c4 Nf4 21. Ne2 Bxf3 22. Nxf3 Ng6 23. Ne5 Nxe5 24. dxe5 Qc7 25. f4 Be7 26. Rc1 g5 27. h3 Rf7 28. Qd3 gxf4 29. Nxf4 Rg7 30. Qf3 Bh4 31. Re2 Qc5+ 32. Kf1 Kh7 33. Rcc2 Rbg8 34. Nh5 Rg6 35. Nf4 Rg3 36. Qh5 R3g5 37. Qxh4 Qd4 38. Qf2 Qd1+ 39. Re1 1-0